[Event "IECG CC.2006.0.00142 email"]
[Site "IECG email"]
[Date "2006.11.08"]
[Round "?"]
[White "Van den Cruyce, Els"]
[Black "Mueller, Beau"]
[Result "1/2-1/2"]
[WhiteElo "1700"]
[BlackElo "1662"]
[PlyCount "29"]
[EventDate "2006.11.08"]
[EventType "tourn (corr)"]
[EventRounds "6"]
[SourceTitle "Corr 2024"]
[Source "ChessBase"]
[SourceDate "2023.10.19"]
[SourceVersion "1"]
[SourceVersionDate "2023.10.19"]
[SourceQuality "1"]

1. d4 f5 2. Nf3 Nf6 3. g3 e6 4. Bg2 Be7 5. 0-0 0-0 6. c4 d6 7. Nc3 Ne4 8. Qc2 Nxc3 9. bxc3 Nc6 10. d5 Na5 11. Qa4 b6 12. dxe6 Bxe6 13. Nd4 Bxc4 14. Nc6 Qd7 15. Nxe7+ 1/2-1/2

[Event "IECC KO-5056"]
[Site "IECC email"]
[Date "2006.11.03"]
[Round "?"]
[White "Mueller, Beau"]
[Black "Stearns, Ron"]
[Result "1-0"]
[WhiteElo "2019"]
[BlackElo "1188"]
[PlyCount "37"]
[EventDate "2006.??.??"]
[EventType "match (corr)"]
[EventRounds "2"]
[SourceTitle "Corr 2008"]
[Source "ChessBase"]
[SourceDate "2008.06.24"]
[SourceVersion "1"]
[SourceVersionDate "2008.06.24"]
[SourceQuality "1"]

1. c4 Nf6 2. g3 g6 3. Bg2 Bg7 4. Nc3 0-0 5. d3 c5 6. Bg5 Nc6 7. Qd2 d6 8. e4 Ng4 9. h3 Nge5 10. Nge2 f5 11. f4 Nd7 12. exf5 Rxf5 13. Nd5 Rf7 14. h4 Nf6 15. Bxf6 Bxf6 16. h5 Be6 17. hxg6 hxg6 18. Nxf6+ exf6 19. f5 1-0